Zes dichtstbijzijnde landen - Antarctica - Statistieken

Algemene statistieken
  • Deze quiz is 48 keer genomen
  • De gemiddelde score is 4 van 6
Antwoordstatistieken
km land % Correct
1005 Chili
92%
1023 Argentinië
89%
2518 Australië
82%
2484 Nieuw-Zeeland
82%
3151 Uruguay
18%
3292 Brazilië
16%
Geen overeenkomende quizzen gevonden
Scoreverdeling
Procent van Mensen met Elke Score
Percentiel versus Aantal Correcte Antwoorden
Uw Scoregeschiedenis
U heeft deze quiz nog niet genomen